000 00326nam a2200145Ia 4500
008 230718s9999 xx 000 0 und d
041 _aEng.
082 _a320
_bSAR-I
100 _aSarwar, Muhammad
245 0 _aIntroduction To P.S
260 _aPakistan
_bIlmi kitab
_c201
300 _a363
650 _aLaw
999 _c30928
_d30928